Orfeo senza Euridice

I tiakina i:
Ngā taipitopito rārangi puna kōrero
Kaituhi matua: Daolmi Davide
Hōputu: Pukapuka
Reo:Undetermined
I whakaputaina: Milano Arcigay Milano 1990
Ngā Tūtohu: Tāpirihia he Tūtohu
Kāore He Tūtohu, Me noho koe te mea tuatahi ki te tūtohu i tēnei pūkete!

MARC

LEADER 00000nam a2200000Ia 4500
001 505
003 NUMERAZIONE-ORIGINALE-BRESCIA
005 20260206230753.0
008 260206s9999 xx 000 0 und d
100 |a Daolmi Davide 
245 0 |a Orfeo senza Euridice 
260 |a Milano 
260 |b Arcigay Milano 
260 |c 1990 
500 |a numero 1 . Altri accenti del muto amore 
500 |a Quaderni di Omologie 
942 |2 ddc  |c BK  |n 0 
952 |0 0  |1 0  |2 ddc  |4 0  |6 26  |7 0  |9 28632  |a BS  |b BS  |d 2026-02-06  |i 505  |l 0  |o 2-6-*  |r 2026-02-06 22:40:39  |w 2026-02-06  |x [REVISIONARE]  |y BK 
999 |c 24290  |d 24290